QoS aware Resource Management for Apache Cassandra (Record no. 232061)

MARC details
000 -LEADER
fixed length control field 00556nam a2200145Ia 4500
008 - FIXED-LENGTH DATA ELEMENTS--GENERAL INFORMATION
fixed length control field 231221s9999 xx 000 0 und d
041 ## - LANGUAGE CODE
Language code of text/sound track or separate title English
082 ## - DEWEY DECIMAL CLASSIFICATION NUMBER
Classification number CPCS16-955
100 ## - MAIN ENTRY--PERSONAL NAME
Personal name Yasaswi Kishore. Venkat Datta N H. Subramaniam, K V. Dinkar Sitaram.
245 #0 - TITLE STATEMENT
Title QoS aware Resource Management for Apache Cassandra
260 ## - PUBLICATION, DISTRIBUTION, ETC.
Date of publication, distribution, etc. 2016
500 ## - GENERAL NOTE
General note QoS aware Resource Management for Apache Cassandra, Yasaswi Kishore, Venkat Datta NH, K V Subramaniam and Dinkar Sitaram,
650 ## - SUBJECT ADDED ENTRY--TOPICAL TERM
Topical term or geographic name entry element Improving,performance,UDE-based,controller,using
942 ## - ADDED ENTRY ELEMENTS (KOHA)
Koha item type Institutional repository
Holdings
Date last seen Total checkouts Full call number Accession number Price effective from Category Lost status Damaged status Department Withdrawn status Home library Current library Shelving location Entry date Grants Currency symbol Conversion rate Discount Old discount
26/01/2024   CPCS16-955 IR956 26/01/2024 Institutional repository     CS   Central Library Central Library Central Library   CS RS 1    

© For any Suggestions or Query, please contact the library staff @ librarian@pes.edu or Phone: +9180 2672 1983/ 2108.